Countries with Four Letters - Statistics

General Stats
  • This quiz has been taken 40 times
  • The average score is 8 of 10
Answer Stats
Americas % Correct
Cuba
91%
Fiji
91%
Chad
85%
Peru
85%
Iran
82%
Iraq
82%
Mali
76%
Togo
76%
Laos
73%
Oman
61%
No matching quizzes found
Score Distribution
Percent of People with Each Score
Percentile by Number Answered
Your Score History
You have not taken this quiz